000 00661nam a2200181 4500
001 126023
003 ES-MaACL
005 20230906192735.0
007 t|
008 070214s1982 sp r ||||1| spa d
100 1 _aReichenbach-Klinke, Heinz-Hermann.
_995962
245 1 0 _aEnfermedades de los peces /
_cHeinz-Hermann Reichenbach-Klinke ; con la colaboración de W. Ahne... [et al.] ; traducido de la 2ª ed. alemana por Jaime Esain Escobar.
260 _aZaragoza :
_bAcribia,
_c1982.
300 _aXIV, 507 p., 14 lám. :
_bil. ;
_c24 cm.
700 0 _aEsaín Escobar, Jaime.
_947449
700 1 _aAhne, W.
_918947
852 _aES-MaACL
_jL-4080
_bR.104961
999 _c126023
_d126023